• 首页
  • 本馆介绍
  • 公告通知
  • 最新文献
  • 馆藏检索
  • 电子资源
  • 读者导购
  • 参考咨询
  • 我的图书馆
  • 登录
  • 详细信息显示
  • 放入我的书架
  • 预约/预借图书
  • 作者相关作品
  • 分类相关作品
  • 丛书相关作品
  • 出版社相关作品

书目信息

  • 表格格式
  • 工作单格式
  • 卡片格式
题名:
中国汶川抗震救灾纪实
    
 
作者: ;新华社总编室 编
分册:  
出版信息: 北京   新华出版社  2008
页数: 345页
开本: 23cm
丛书名:
单 册:
中图分类: I253.1 , D632.5
科图分类:
主题词: 通讯--中国--现代--选集 , 抗震救灾--汶川县--2008--史料 , 通讯 , 抗震救灾
电子资源:
ISBN: 978-7-5011-8379-1
000 00775nam0 2200253 45
005 20100303152606.17
010    @a978-7-5011-8379-1@dCNY32.00
100    @a20100120d2008 em y0chiy0120 ea
101 0  @achi
102    @aCN@b110000
105    @aa z 000yy
106    @ar
200 1  @a中国汶川抗震救灾纪实@AZhong Guo Wen Chuan Kang Zhen Jiu Zai Ji Shi@f新华社总编室编@FXin Hua She Zong Bian Shi Bian
210    @a北京@c新华出版社@d2008
215    @a345页@c照片@d23cm
606 0  @a通讯@y中国@z现代@j选集
606 0  @a抗震救灾@y汶川县@z2008@x史料
606 0  @a通讯
606 0  @a抗震救灾
690    @aI253.1@v4
690    @aD632.5@v4
711 02 @a新华社总编室@AXin Hua She Zong Bian Shi@4编
801  0 @aCN@bTANGWEI@c20100303
905    @b0584453-56@dI253.1@e781@f4
    
    中国汶川抗震救灾纪实/新华社总编室编.-北京:新华出版社,2008
    345页:照片;23cm
    
    
    ISBN 978-7-5011-8379-1:CNY32.00
    
●
相关链接 在E读中查询图书 在五车中查询图书 在当当中查询图书 在豆瓣中查询图书


正题名:中国汶川抗震救灾纪实     索取号:I253.1/781         预约/预借

序号 登录号 条形码 馆藏地/架位号 状态 备注
1 0584453   205844531   第一样本阅览室/ [索取号:I253.1/781] 在馆    
2 0584454   205844540   第二借阅区/ [索取号:I253.1/781] 在馆    
3 0584455   205844559   第二借阅区/ [索取号:I253.1/781] 在馆    
4 0584456   205844568   第二借阅区/ [索取号:I253.1/781] 在馆    
欢迎您!
大连网信软件有限公司© 版权所有